Statistics for Every Major City in the Midwest - with a Map

Click here to take the quiz!

General Stats

  • This quiz has been taken 81 times
  • The average score is 34 of 49

Answer Stats

Population State City % Correct
2,705,994ILChicago
99%
491,918MOKansas City
99%
152,958KSKansas City
99%
383,793OHCleveland
97%
672,662MIDetroit
97%
425,403MNMinneapolis
97%
867,125INIndianapolis
97%
592,025WIMilwaukee
97%
302,838MOSt Louis
96%
892,533OHColumbus
96%
302,605OHCincinnati
94%
168,122MOSpringfield
94%
114,694ILSpringfield
94%
258,054WIMadison
93%
307,695MNSt. Paul
93%
216,853IADes Moines
91%
468,262NEOmaha
91%
287,401NELincoln
90%
118,427MILansing
85%
389,255KSWichita
85%
181,883SDSioux Falls
85%
124,844NDFargo
84%
198,006OHAkron
81%
274,975OHToledo
79%
140,640OHDayton
78%
104,879WIGreen Bay
76%
200,217MIGrand Rapids
72%
125,904KSTopeka
72%
121,890MIAnn Arbor
68%
267,633INFort Wayne
62%
101,860INSouth Bend
57%
199,602ILAurora
56%
111,388ILPeoria
53%
117,963INEvansville
51%
146,526ILRockford
50%
133,174IACedar Rapids
49%
192,536KSOverland Park
47%
148,099ILJoliet
47%
102,085IADavenport
46%
123,180MOColumbia
44%
116,961MNRochester
44%
148,304ILNaperville
41%
116,925MOIndependence
38%
100,164WIKenosha
37%
139,605KSOlathe
29%
134,587MIWarren
29%
111,683ILElgin
22%
132,964MISterling Heights
22%
100,800MIClinton
4%

Score Distribution

Percentile by Number Answered

Percent of People with Each Score

Your Score History

You have not taken this quiz